000
00288nam a2200133Ia 4500
008
221030s9999 xx 000 0 und d
041
_a
English
082
_a
105.23
100
_a
M C Shukla
245
0
_a
Advance Accounting
_c
by M C Shukla
260
_c
0
650
_a
Mc
942
_c
BK
999
_c
10372
_d
10372